Amadeus : director's cut / the Saul Zaentz Company ... Read More
Available copies
- 1 of 1 copy available at LARL/NWRL Consortium.
- 1 of 1 copy available at Lake Agassiz Regional Library. (Show preferred library)
Current holds
0 current holds with 1 total copy.
Show Only Available Copies
| Location | Call Number / Copy Notes | Barcode | Shelving Location | Status | Due Date |
|---|---|---|---|---|---|
| Detroit Lakes Public Library | DVD AMA (Text) | 33500007318363 | Main | Available | - |
Record details
- Physical Description: 2 videodiscs (180 min.) : sd., col. ; 4 3/4 in.
- Edition: Director's cut.
- Publisher: Burbank, CA : Warner Home Video, c2002.
Content descriptions
| General Note: | Originally released as a motion picture in 1984; director's cut originally released as a motion ... Read More Special features: new 2001 digital transfer from restored elements; soundtrack remastered and ... Read More |
| Creation/Production Credits Note: | Director of photography, Miroslav Ondricek ; ... Read More |
| Participant or Performer Note: | F. Murray Abraham, Tom Hulce, Elizabeth Berridge, ... Read More |
| Summary, etc.: | Adapted from Shaffer's play, the film presents the ... Read More |
| System Details Note: | DVD. |
| Language Note: | Closed-captioned for the hearing impaired. |
| Awards Note: | Winner of 8 Academy Awards including Best Picture, ... Read More |
Search for related items by subject
| Genre: | Biographical films. Historical films. Musical films. Feature films. Video recordings for the hearing impaired. Films for the hearing impaired. DVDs. |
| LDR | 03430cgm a2200685Ia 4500 | ||
|---|---|---|---|
| 001 | 56704 | ||
| 003 | LARL_NWRL_CONSORTIUM | ||
| 005 | 20210325190412.0 | ||
| 007 | vd cvaizq | ||
| 008 | 030123p20022001cau180 vleng d | ||
| 024 | 1 | . | ‡a085393746421 |
| 028 | 4 | 0. | ‡a37464 ‡bWarner Home Video |
| 035 | . | ‡a(OCoLC)51507060 | |
| 040 | . | ‡aLOY ‡cLOY ‡dOCLCQ | |
| 043 | . | ‡ae-au--- | |
| 090 | . | ‡aPN1997 ‡b.A369 2002 | |
| 245 | 0 | 0. | ‡aAmadeus : ‡bdirector's cut / ‡cthe Saul Zaentz Company presents a Milos Forman film ; original stage play and screenplay by Peter Shaffer ; produced by Saul Zaentz ; directed by Milos Forman. |
| 246 | 3 | . | ‡aPeter Schaffer's Amadeus |
| 250 | . | ‡aDirector's cut. | |
| 260 | . | ‡aBurbank, CA : ‡bWarner Home Video, ‡cc2002. | |
| 300 | . | ‡a2 videodiscs (180 min.) : ‡bsd., col. ; ‡c4 3/4 in. | |
| 538 | . | ‡aDVD. | |
| 546 | . | ‡aClosed-captioned for the hearing impaired. | |
| 511 | 1 | . | ‡aF. Murray Abraham, Tom Hulce, Elizabeth Berridge, Simon Callow, Roy Dotrice, Christine Ebersole, Jeffrey Jones. |
| 508 | . | ‡aDirector of photography, Miroslav Ondricek ; editors, Nena Danevic, Michael Chandler ; music, Wolfgang Amadeus Mozart ; music conductor and supervision, Neville Marriner ; choreographer, Twyla Tharp. | |
| 500 | . | ‡aOriginally released as a motion picture in 1984; director's cut originally released as a motion picture in 2001. | |
| 500 | . | ‡aSpecial features: new 2001 digital transfer from restored elements; soundtrack remastered and presented in both Dolby digital 5.1 and Dolby surround 2.0; behind the scenes documentary "The making of Amadeus"; feature-length audio commentary by Milos Forman and Peter Shaffer. | |
| 520 | . | ‡aAdapted from Shaffer's play, the film presents the life of Antonio Salieri, a mediocre 18th century Viennese composer obsessed with and jealous of the musical genius of the age, Wolfgang Amadeus Mozart. | |
| 586 | . | ‡aWinner of 8 Academy Awards including Best Picture, 1984. | |
| 600 | 1 | 0. | ‡aMozart, Wolfgang Amadeus, ‡d1756-1791 ‡vDrama. |
| 600 | 1 | 0. | ‡aSalieri, Antonio, ‡d1750-1825 ‡vDrama. |
| 650 | 0. | ‡aComposers ‡zAustria ‡zVienna ‡vDrama. | |
| 600 | 1 | 0. | ‡aMozart, Constanze, ‡d1763-1842 ‡vDrama. |
| 600 | 1 | 0. | ‡aShaffer, Peter, ‡d1926- ‡vFilm adaptations. |
| 655 | 0. | ‡aBiographical films. ‡0(LARL_NWRL_CONSORTIUM)175643 | |
| 655 | 0. | ‡aHistorical films. ‡0(LARL_NWRL_CONSORTIUM)175673 | |
| 655 | 0. | ‡aMusical films. ‡0(LARL_NWRL_CONSORTIUM)175635 | |
| 655 | 0. | ‡aFeature films. ‡0(LARL_NWRL_CONSORTIUM)175625 | |
| 655 | 0. | ‡aVideo recordings for the hearing impaired. ‡0(LARL_NWRL_CONSORTIUM)175744 | |
| 655 | 0. | ‡aFilms for the hearing impaired. ‡0(LARL_NWRL_CONSORTIUM)175629 | |
| 655 | 0. | ‡aDVDs. | |
| 700 | 1 | . | ‡aForman, Miloš. ‡0(LARL_NWRL_CONSORTIUM)48492 |
| 700 | 1 | . | ‡aZaentz, Saul. ‡0(LARL_NWRL_CONSORTIUM)150694 |
| 700 | 1 | . | ‡aAbraham, F. Murray. ‡0(LARL_NWRL_CONSORTIUM)94832 |
| 700 | 1 | . | ‡aHulce, Tom, ‡d1953- ‡0(LARL_NWRL_CONSORTIUM)102811 |
| 700 | 1 | . | ‡aBerridge, Elizabeth, ‡d1962- ‡0(LARL_NWRL_CONSORTIUM)141294 |
| 700 | 1 | . | ‡aCallow, Simon, ‡d1949- ‡0(LARL_NWRL_CONSORTIUM)84370 |
| 700 | 1 | . | ‡aDotrice, Roy, ‡d1925- ‡0(LARL_NWRL_CONSORTIUM)52404 |
| 700 | 1 | . | ‡aEbersole, Christine. ‡0(LARL_NWRL_CONSORTIUM)146667 |
| 700 | 1 | . | ‡aJones, Jeffrey, ‡d1947- ‡0(LARL_NWRL_CONSORTIUM)140852 |
| 700 | 1 | . | ‡aMozart, Wolfgang Amadeus, ‡d1756-1791. ‡0(LARL_NWRL_CONSORTIUM)62897 |
| 700 | 1 | . | ‡aMarriner, Neville. ‡0(LARL_NWRL_CONSORTIUM)68962 |
| 700 | 1 | . | ‡aTharp, Twyla. ‡0(LARL_NWRL_CONSORTIUM)68942 |
| 700 | 1 | . | ‡aShaffer, Peter, ‡d1926- ‡tAmadeus. ‡0(LARL_NWRL_CONSORTIUM)71537 |
| 710 | 2 | . | ‡aSaul Zaentz Company. ‡0(LARL_NWRL_CONSORTIUM)140997 |
| 710 | 2 | . | ‡aWarner Home Video (Firm) ‡0(LARL_NWRL_CONSORTIUM)139520 |
| 901 | . | ‡a56704 ‡bOCLC ‡c56704 ‡tbiblio | |

Add to basket
Permalink
Disable Highlighting